000 00816nam a22002297a 4500
999 _c2574
_d2574
003 AR-CdUCM
008 190304b ||||| |||| 00| 0 spa d
040 _aMUNICIPALIDAD PROVINCIAL DEL CUSCO
_cBIBLIOTECA MUNICIPAL DEL CUSCO
082 _a378.12 /
_bF82
100 _aFreinet, C.
_99101
245 _aModernizar la Escuela /
260 _aBarcelona :
_bEditorial Laia,
_c1972.
300 _a85 Páginas ;
_c16 cm.
505 _aContenido: ¿Qué es la escuela moderna? -- El mundo futuro -- La escuela moderna supone una modificación de los conceptos de Educación y Cultura...
650 _aEducacion
_9460
650 _aEscuela moderna
_99102
650 _aEducación y Cultura
_99103
650 _aTécnica Freinet
_99104
650 _aModernizar la Escuela
_99105
942 _2ddc
_cLIBROS
945 _adavv